| 000 | 00419nam a22001577a 4500 | ||
|---|---|---|---|
| 999 |
_c17578 _d17578 |
||
| 003 | OSt | ||
| 005 | 20221109154021.0 | ||
| 008 | 221108b ||||| |||| 00| 0 eng d | ||
| 040 | _c0 | ||
| 100 |
_aGonzales, Iris. _946704 |
||
| 245 | _aMegaworld expands office portfolio / | ||
| 260 |
_aPhilippines ; _cJanuary 20, 2020. _bThe Philippine Star, |
||
| 300 | _apage B8. | ||
| 650 |
_aBusiness. _946705 |
||
| 942 |
_2ddc _cPER |
||